Crecimiento económico de postguerra (Record no. 87847)

MARC details
000 -LEADER
campo de control de longitud fija 00587nam a2200181 i 4500
001 - NÚMERO DE CONTROL
campo de control 87847
003 - IDENTIFICADOR DE NÚMERO DE CONTROL
campo de control ES-MaACL
005 - FECHA Y HORA DE LA ÚLTIMA TRANSACCIÓN
campo de control 20230906175742.0
007 - CAMPO FIJO DE DESCRIPCIÓN FÍSICA--INFORMACIÓN GENERAL
campo de control de longitud fija t|
008 - DATOS DE LONGITUD FIJA--INFORMACIÓN GENERAL
campo de control de longitud fija 041223s1964 mx ||||1| spa d
100 1# - ENTRADA PRINCIPAL--NOMBRE DE PERSONA
Nombre de persona Kuznets, Simón.
9 (RLIN) 69094
245 10 - MENCIÓN DEL TÍTULO
Título Crecimiento económico de postguerra
Resto del título : cuatro conferencias /
Mención de responsabilidad, etc. por Simón Kuznets ; traducción al español por Agustín Contin.
250 ## - MENCION DE EDICION
Mención de edición 1ª ed. en español.
260 ## - PUBLICACIÓN, DISTRIBUCIÓN, ETC.
Lugar de publicación, distribución, etc. México :
Nombre del editor, distribuidor, etc. U.T.E.H.A.,
Fecha de publicación, distribución, etc. 1964.
300 ## - DESCRIPCIÓN FÍSICA
Extensión IX, 181 p. ;
Dimensiones 18 cm.
700 1# - ENTRADA AGREGADA--NOMBRE PERSONAL
Nombre de persona Contín, Agustín.
9 (RLIN) 40292
852 ## - LOCALIZACIÓN
Ubicación ES-MaACL
Número de control de estantería C-29174
Sublocalización o colección R.58286
Holdings
Estatus retirado Estado de pérdida Estado de daño No para préstamo Biblioteca de origen Biblioteca actual Ubicación en estantería Fecha de adquisición Fuente de adquisición Total de préstamos Signatura topográfica completa Código de barras Visto por última vez Precio de reemplazo Tipo de ítem Koha
        Biblioteca del Ateneo de Madrid Biblioteca del Ateneo de Madrid Depósito 2 17/01/2008     C-29174 1091769 23/02/2023 23/02/2023 Libro impreso